Southville International School and Colleges
Your cart is empty.
  • Cart
  • Lists
    Public lists Eva Luna New books Lux_list list_1
    Your lists Log in to create your own lists
  • Log in to your account
  • Your cookies
  • Search history
Southville International School and Colleges
  • Advanced search
  • Recent comments
  • Most popular
  • Libraries

Log in to your account

Log in with GOOGLE


If you do not have an external account, but do have a local account, you can still log in:

  1. Home
  2. MARC view: Cultural heritage and tourism in the developing world :
Normal view MARC view ISBD view

Cultural heritage and tourism in the developing world : (Record no. 23761)

[ view plain ]
MARC details
000 -LEADER
fixed length control field 00658nam a2200193 a 4500
003 - CONTROL NUMBER IDENTIFIER
control field PILC
005 - DATE AND TIME OF LATEST TRANSACTION
control field 20160304084005.0
008 - FIXED-LENGTH DATA ELEMENTS--GENERAL INFORMATION
fixed length control field 091207s19uu xx 00 eng d
020 ## - INTERNATIONAL STANDARD BOOK NUMBER
International Standard Book Number 9780415776226
050 ## - LIBRARY OF CONGRESS CALL NUMBER
Classification number G 156.5.H47
Item number .C853 2009
245 ## - TITLE STATEMENT
Title Cultural heritage and tourism in the developing world :
Remainder of title a regional perspective /
Statement of responsibility, etc edited by Dallen J. TImothy and Gyan P. Nyaupane.
260 ## - PUBLICATION, DISTRIBUTION, ETC. (IMPRINT)
Place of publication, distribution, etc London :
Name of publisher, distributor, etc Routledge,
Date of publication, distribution, etc 2009.
300 ## - PHYSICAL DESCRIPTION
Extent 260 pages ;
Dimensions 24 cm.
500 ## - GENERAL NOTE
General note Includes bibliographical references and index.
650 ## - SUBJECT ADDED ENTRY--TOPICAL TERM
Topical term or geographic name as entry element Heritage Tourism
General subdivision Developing countries.
700 ## - ADDED ENTRY--PERSONAL NAME
Personal name Nyaupane, Gyan P.
942 ## - ADDED ENTRY ELEMENTS (KOHA)
Koha item type Books
Source of classification or shelving scheme Library of Congress Classification
Call number prefix Foreign
Holdings
Withdrawn status Lost status Source of classification or shelving scheme Damaged status Home library Current library Shelving location Date acquired Source of acquisition Cost, normal purchase price Total Checkouts Full call number Barcode Date last seen Date checked out Copy number Price effective from Koha item type
    Library of Congress Classification   College Library College Library General Circulation Section 07/21/2010 Library Fund 2724.00 3 G 156.5.H47 .C853 2009 C10873 05/15/2018 03/09/2016 1 10/18/2013 Books

Cultural heritage and tourism in the developing world :

APA

Nyaupane G. P., . (2009). Cultural heritage and tourism in the developing world. London: Routledge.

Chicago

Nyaupane Gyan P, . 2009. Cultural heritage and tourism in the developing world. London: Routledge.

Harvard

Nyaupane G. P., . (2009). Cultural heritage and tourism in the developing world. London: Routledge.

MLA

Nyaupane Gyan P, . Cultural heritage and tourism in the developing world. London: Routledge. 2009.

  • Place hold
  • Print
  • Cite
  • Add to your cart (remove)
  • Save record
    BIBTEX Dublin Core MARCXML MARC (non-Unicode/MARC-8) MARC (Unicode/UTF-8) MARC (Unicode/UTF-8, Standard) MODS (XML) RIS
  • More searches
    Search for this title in:
    Other Libraries (WorldCat) Other Databases (Google Scholar) Online Stores (Bookfinder.com) Open Library (openlibrary.org)

Exporting to Dublin Core...

SOUTHVILLE LIBRARY

Southville International School and Colleges Library

1281 Tropical Ave. Cor. Luxembourg St., BF Homes International, Las Pinas City

Tel. No. 8256374 / 252358 Loc. 117/146

Powered by Koha